El ajuste integral por el método simplificado (Registro nro. 23546)
[ vista simple ]
| 000 -LEADER | |
|---|---|
| fixed length control field | 00385 a2200121 4500 |
| 001 - CONTROL NUMBER | |
| control field | ART_9155 |
| 005 - DATE AND TIME OF LATEST TRANSACTION | |
| control field | 20260410161835.0 |
| 008 - FIXED-LENGTH DATA ELEMENTS--GENERAL INFORMATION | |
| fixed length control field | 260409a |
| 100 1# - MAIN ENTRY--PERSONAL NAME | |
| Personal name | Senderovich, Isaac Aizik |
| 245 10 - TITLE STATEMENT | |
| Title | El ajuste integral por el método simplificado |
| 700 1# - ADDED ENTRY--PERSONAL NAME | |
| Personal name | Telias, Alejandro J. |
| 773 0# - HOST ITEM ENTRY | |
| Title | Contabilidad y administración |
| Related parts | - Año 4, Nº 37 (jul. 1980) |
| Record control number | REV5485 |
No hay ítems disponibles.